000
00316nam a2200109Ia 4500
008
171211s9999 xx 000 0 und d
245
_a
Hot Sex: 13 Ways To Rescue Your Lazy, Boring Sex Life
245
_c
Brett Taylor
260
_c
2003
650
_x
Sexuality
856
_u
http://down.ebook777.com/057/B0724ZXKMV.pdf
999
_c
350720
_d
350720